Statistics for Click the Movie Title Ending #7

Click here to take the quiz!

General Stats

  • This quiz has been taken 7,420 times
  • The average score is 17 of 24

Answer Stats

HintAnswer% Correct
ParanormalActivity
94%
IceAge
94%
PoliceAcademy
93%
Charlie'sAngels
90%
BirdBox
88%
DoctorStrange
88%
InglouriousBasterds
87%
PeterRabbit
81%
SpyKids
80%
LittleWomen
77%
PetSematary
75%
BoogieNights
74%
8Mile
73%
PineappleExpress
71%
27Dresses
69%
LadyBird
67%
AfterEarth
65%
WeirdScience
58%
TornCurtain
54%
EmpireRecords
53%
ShallowHal
51%
PracticalMagic
49%
FourLions
46%
LightningJack
38%

Score Distribution

Percentile by Number Answered

Percent of People with Each Score

Your Score History

You have not taken this quiz